000 00480nam a2200169Ia 4500
008 190423s9999 xx 000 0 und d
100 _aNovak, Clare
245 _aHandwriting makes you smarter/
245 _cClare Novak
260 _bReader's Digest Asia
260 _c2018
300 _aPages 70-72, November 2018
440 _aAsia Reader's Digest: Health Truths About Salts
_v114:669
650 _acognitive development
650 _ahandwriting
650 _aWellbeing
999 _c361526
_d361526